| 000 | 01041nam a2200265Ia 4500 | ||
|---|---|---|---|
| 003 | GCL | ||
| 008 | 140319s9999 xx 000 0 ara d | ||
| 040 |
_aGCL / _cGCL |
||
| 082 | 0 | 4 |
_a305.3 _bب م |
| 100 | 1 | _aبيز ، ألان | |
| 245 | 1 | 0 |
_aمعارك قيس وليلى : _bدراسات علمية مفصلة عن الفروق البيولوجية - الاجتماعية بين المراة والرجل / _cبيز ، ألان |
| 700 | 1 | _aبيز ، باربارا | |
| 700 | 1 | _aغزوان الزركلى | |
| 250 | _aالاولى | ||
| 260 |
_aسوريا : _bدار كنعان للدراسات والنشر ، _c2005 |
||
| 300 |
_a312 ص ؛ _c21 سم |
||
| 650 | 0 | 4 | _aالعلاقات الانسانية |
| 650 | 0 | 4 | _aالمرأة - علم نفس |
| 650 | 0 | 4 | _aالسلوك الاجتماعى عند المراة |
| 650 | 0 | 4 | _aالسلوك الاجتماعى عند الرجل |
| 650 | 0 | 4 | _aالمرأة - ادب السلوك |
| 650 | 0 | 4 | _aالرجال - ادب السلوك |
| 650 | 0 | 4 | _aالطبائع |
| 942 |
_2ddc _cBK |
||
| 999 |
_c8136 _d8136 |
||